Me preparo para el colegio 2
Uloženo v:
| Hlavní autor: | |
|---|---|
| Médium: | Kniha |
| Jazyk: | španělština |
| Vydáno: |
Barcelona
IMGESA
1995
|
| Vydání: | 3a. ed |
| Edice: | Mini Arco. Aprende, Repite y Controla. Ref. 508032
|
| Témata: | |
| Tagy: |
Přidat tag
Žádné tagy, Buďte první, kdo vytvoří štítek k tomuto záznamu!
|
MARC
| LEADER | 00000nam a2200000 a 4500 | ||
|---|---|---|---|
| 001 | UCN2122 | ||
| 003 | CL-VaPUC | ||
| 008 | 010511e19950000SP |||||||||||||||||spa|d | ||
| 082 | 0 | 4 | |a 372.21 |b VOG |2 21 |
| 100 | 0 | |a Vogel, Heinz |e author |9 457742 | |
| 245 | 1 | 0 | |a Me preparo para el colegio 2 |
| 250 | |a 3a. ed | ||
| 300 | |a 32 p | ||
| 942 | |c BK | ||
| 945 | |d 20010511 00:00:00 |a cmena | ||
| 260 | |a Barcelona |b IMGESA |c 1995 | ||
| 650 | 0 | |a Ejercicios |9 269807 | |
| 650 | 0 | |a Educación preescolar |9 260381 | |
| 650 | 0 | |a Métodos de enseñanza |9 270413 | |
| 583 | |a last modification |c 20010511 00:00:00 |k Rodrigo Vera | ||
| 490 | 0 | |a Mini Arco. Aprende, Repite y Controla. Ref. 508032 | |
| 999 | |c 295279 |d 295277 | ||
| 952 | |0 0 |1 0 |2 ddc |4 0 |6 372_210000000000000_VOG_1995 |7 0 |8 A |9 348255 |a BIBEDU |b BIBEDU |d 2019-11-20 |i 372266K |o 372.21 VOG 1995 |p 372266K |r 2019-11-20 |w 2019-11-20 |y BK |k EPE | ||